| 000 | 00810cam a22002171 4500 | ||
|---|---|---|---|
| 001 | g 01002337 | ||
| 003 | DLC | ||
| 005 | 20260227111257.0 | ||
| 008 | 751028s1900 gw ac 000 0bger | ||
| 010 | _ag 01002337 | ||
| 035 | _a(OCoLC)1740073 | ||
| 040 |
_aDLC _cNBuU _dOCoLC _dDLC |
||
| 042 | _apremarc | ||
| 050 | 0 | 0 |
_aDD218 _b.A24 1900 |
| 100 | 1 |
_aBismarck, Otto, _cFürst von, _d1815-1898. |
|
| 245 | 1 | 0 |
_aFürst Bismarck's Briefe an seine Braut und Gattin. _cHrsg. vom Fürsten Herbert Bismarck, mit einem Titelbild nach Franz von Lenbach und zehn weiteren Porträt-beilagen. |
| 260 |
_aStuttgart, _bCotta, _c1900. |
||
| 300 |
_axi, [1], 598 p. _bfront., ports., diagrs. _c24 cm. |
||
| 600 | 1 | 0 |
_aBismarck, Johanna, _cFürstin von, _d1824-1894. |
| 700 | 1 |
_aBismarck, Herbert, _cFürst von, _d1849-1904, _eed. |
|
| 999 |
_c23951 _d23951 |
||